| 000 | 00898cam a22002651i 4500 | ||
|---|---|---|---|
| 001 | 6435877 | ||
| 003 | EG-ScBUE | ||
| 005 | 20230816113741.0 | ||
| 008 | 750428s1938 nyuf f 000 0 eng d | ||
| 035 | _a(OCoLC)1300376 | ||
| 040 |
_aDLC _beng _erda _cTxDW _dOCoLC _dDLC _dEG-ScBUE |
||
| 082 | 0 | 4 |
_a914.3613 _222 _bCRA |
| 100 | 1 |
_aCrankshaw, Edward, _eauthor. _911090 |
|
| 245 | 1 | 0 |
_aVienna : _bthe image of a culture in decline / _cby Edward Crankshaw. |
| 264 | 1 |
_aNew York : _bThe Macmillan Company, _c1938. |
|
| 300 |
_aix, 253 pages : _bplates ; _c21 cm |
||
| 336 |
_2rdacontent _atext _btxt |
||
| 337 |
_2rdamedia _aunmediated _bn |
||
| 338 |
_2rdacarrier _avolume _bnc |
||
| 651 | 7 |
_aVienna (Austria) _xDescription and travel. _2BUEsh _911092 |
|
| 651 | 7 |
_aVienna (Austria) _xIntellectual life. _2BUEsh _911093 |
|
| 655 | _vReading book | ||
| 942 |
_2ddc _cBB |
||
| 999 |
_c13311 _d13311 |
||